Academic skills ACS 101 : (Record no. 5216)

MARC details
000 -LEADER
fixed length control field 00544cam a2200169 4500
001 - CONTROL NUMBER
control field 6174
005 - DATE AND TIME OF LATEST TRANSACTION
control field 20181127181106.0
008 - FIXED-LENGTH DATA ELEMENTS--GENERAL INFORMATION
fixed length control field 110509s2010 xna b 000 0 eng d
010 ## - LIBRARY OF CONGRESS CONTROL NUMBER
LC control number 2011381660
245 14 - TITLE STATEMENT
Title Academic skills ACS 101 :
Remainder of title Tutor Materials.
Statement of responsibility, etc.
260 ## - PUBLICATION, DISTRIBUTION, ETC.
Place of publication, distribution, etc. [Thimphu] :
Name of publisher, distributor, etc. Royal Thimphu College,
Date of publication, distribution, etc. [2013].
500 ## - GENERAL NOTE
General note Xerographic copy in a binder.
520 ## - SUMMARY, ETC.
Summary, etc. Bachelor of arts : Academic Skills.
650 #0 - SUBJECT ADDED ENTRY--TOPICAL TERM
Topical term or geographic name entry element College student development programs.
General subdivision
Form subdivision
Topical term or geographic name entry element Counseling in higher education.
Topical term or geographic name entry element Faculty advisors.
General subdivision
Holdings
Withdrawn status Lost status Source of classification or shelving scheme Damaged status Not for loan Collection code Home library Current library Shelving location Date acquired Serial Enumeration / chronology Inventory number Full call number Barcode Date last seen Copy number Price effective from Koha item type Total Checkouts Total Renewals Date last checked out Checked out
  Missing Dewey Decimal Classification     Fac res RTC Library RTC Library Faculty reserve 21/07/2021 9850 428.24 A187a 2013FAC RES 30010070 27/11/2018 1 27/11/2018 Faculty Reserve        
    Dewey Decimal Classification     Fac res RTC Library RTC Library Faculty reserve 23/12/2021 9851 428.24 ACA 30010023 28/02/2022 2 27/11/2018 Faculty Reserve 1 1 26/02/2019  
    Dewey Decimal Classification     Fac res RTC Library RTC Library Faculty reserve 23/12/2021 9852 428.24 ACA 30010057 29/08/2023 3 27/11/2018 Faculty Reserve 4 9 29/08/2023 02/09/2026
    Dewey Decimal Classification     Fac res RTC Library RTC Library Faculty reserve 23/12/2021 11872 428.24 ACA 30012544 05/03/2025 4 27/11/2018 Faculty Reserve 4 2 26/07/2024  
Royal Thimphu College || All Right Reserved